00530nam a2200157Ia 4500100001600000942000700016654001600023245002700039260003500066082001000101300000800111546001200119999001700131952011000148952011400258 aVinogradov  cBK aElectrician aIndustrial Electrician bPeace publishersaMoscowc2001 a621.3 a275 aENGLISH c21128d21128 001040708AFTaCRCEbCRCEd2023-03-17g5.00i3423l0o621.3 pAFT1040r2023-03-17v5.00w2023-03-17yBK 001040708AFTaCRCEbCRCEd2023-03-17g7.80iLVG;2450l0o621.3 pAFT1637r2023-03-17v7.80w2023-03-17yBK